| 000 | 00477nam a22001697a 4500 | ||
|---|---|---|---|
| 005 | 20250318080920.0 | ||
| 008 | 250318b |||||||| |||| 00| 0 eng d | ||
| 022 | _a16824490 | ||
| 041 | _aEnglish | ||
| 082 | _a349 TYD | ||
| 100 | _lEnglish | ||
| 245 | _aButterworths Law Reports : Labour Law | ||
| 260 |
_aDurban: _bLexisNexis (Pty) Ltd, _c2025 |
||
| 300 |
_bxxi, 103 pages; _c26 cm. |
||
| 650 |
_aLegal practice _bLaw |
||
| 942 |
_cBK _6ALISON_BN_VRIES |
||
| 999 |
_c3298 _d3298 |
||